Environmentálny manažérsky systém so zameraním na ISO 14001
Európska ekologická (zelená) dohoda. Význam environmentálnych manažérskych systémov a normy ISO 14001. ISO 14001 ako medzinárodne dohodnutá norma stanovujúca požiadavky na environmentálny manažérsky systém riadenia podniku. Výhody ISO 14001 pre podnik. Prieskum počtu vydaných certifikátov IS0 14001...
Na minha lista:
| Autor principal: | |
|---|---|
| Outros Autores: | |
| Formato: | Capítulo de Livro |
| Idioma: | eslovaco |
| Assuntos: | |
| Tags: |
Sem tags, seja o primeiro a adicionar uma tag!
|
MARC
| LEADER | 00000naa$a2200000$$$4500 | ||
|---|---|---|---|
| 001 | 0269366 | ||
| 005 | 20240502074224.0 | ||
| 041 | 0 | |a slo | |
| 044 | |a SK | ||
| 245 | 1 | 0 | |a Environmentálny manažérsky systém so zameraním na ISO 14001 |c Lea Pusztiová, Gabriela Dubcová |
| 520 | |a Európska ekologická (zelená) dohoda. Význam environmentálnych manažérskych systémov a normy ISO 14001. ISO 14001 ako medzinárodne dohodnutá norma stanovujúca požiadavky na environmentálny manažérsky systém riadenia podniku. Výhody ISO 14001 pre podnik. Prieskum počtu vydaných certifikátov IS0 14001 na Slovensku a v rámci členských štátov EÚ. Podnety k prijatiu noriem. | ||
| 610 | 2 | 0 | |a normy ISO |
| 610 | 2 | 0 | |a ekológia |
| 610 | 2 | 0 | |a manažment environmentálny |
| 610 | 2 | 0 | |a riadenie |
| 610 | 2 | 0 | |a podnik |
| 610 | 2 | 0 | |a certifikáty |
| 610 | 2 | 0 | |a Slovensko |
| 610 | 2 | 0 | |a Európska únia |
| 100 | 1 | |a Pusztiová, Lea, 1994- | |
| 700 | 1 | |a Dubcová, Gabriela, 1968- | |